Online
Catalog

Salomé Ureña de Henríquez en el sector educación / (Record no. 506)

MARC details
000 -CABECERA
campo de control de longitud fija 01762nam a2200373 i 4500
001 - NÚMERO DE CONTROL
campo de control 000000508
003 - IDENTIFICADOR DEL NÚMERO DE CONTROL
campo de control DO-SdBNP
005 - FECHA Y HORA DE LA ÚLTIMA TRANSACCIÓN
campo de control 20240228085405.0
007 - CAMPO FIJO DE DESCRIPCIÓN FÍSICA--INFORMACIÓN GENERAL
campo de control de longitud fija ta
008 - DATOS DE LONGITUD FIJA--INFORMACIÓN GENERAL
campo de control de longitud fija 081112s2008 dr a 000 0 spa d
020 ## - NÚMERO INTERNACIONAL ESTÁNDAR DEL LIBRO
Número Internacional Estándar del Libro 9789945855340
040 ## - FUENTE DE LA CATALOGACIÓN
Centro catalogador/agencia de origen DO-SdBNP
Lengua de catalogación spa
Centro/agencia transcriptor BNPHU
Normas de descripción rda
082 #4 - NÚMERO DE LA CLASIFICACIÓN DECIMAL DEWEY
Número de clasificación 371.1
Número de documento/Ítem M826s
Número de edición 22
100 1# - ENTRADA PRINCIPAL--NOMBRE DE PERSONA
Nombre de persona Moquete de la Rosa, Jacobo,
9 (RLIN) 1678
Término indicativo de función/relación autor
245 10 - MENCIÓN DE TÍTULO
Título Salomé Ureña de Henríquez en el sector educación /
Mención de responsabilidad, etc. Jacobo Moquete de la Rosa ; cuidado de edición, Clodomiro Moquete II ; prólogo Ana Dolores Guzmán de Camacho
264 #1 - PRODUCCIÓN, PUBLICACIÓN, DISTRIBUCIÓN, FABRICACIÓN Y COPYRIGHT
Producción, publicación, distribución, fabricación y copyright Santo Domingo :
Nombre del de productor, editor, distribuidor, fabricante Instituto Superior de Formación Docente Salomé Ureña,
Fecha de producción, publicación, distribución, fabricación o copyright 2008.
300 ## - DESCRIPCIÓN FÍSICA
Extensión 379 páginas :
Otras características físicas ilustraciones ;
Dimensiones 23 cm.
336 ## - TIPO DE CONTENIDO
Fuente rdaconten
Término de tipo de contenido texto
Código de tipo de contenido txt
337 ## - TIPO DE MEDIO
Fuente rdamedia
Nombre/término del tipo de medio sin mediación
Código del tipo de medio n
338 ## - TIPO DE SOPORTE
Fuente rdacarrier
Nombre/término del tipo de soporte volumen
Código del tipo de soporte nc
500 ## - NOTA GENERAL
Nota general Incluye datos biográficos del autor en la contracubierta
500 ## - NOTA GENERAL
Nota general Incluye índices de materias y nombres
504 ## - NOTA DE BIBLIOGRAFÍA, ETC.
Nota de bibliografía, etc. Bibliografía : p. 361-365
505 ## - NOTA DE CONTENIDO CON FORMATO
Nota de contenido con formato Prólogo --
Título Aspectos introductorios--
-- Primera parte--
-- Aspectos básicos generales
-- Segunda parte--
-- Instituto de señoritas--
-- Tercera parte--
-- Salomé en el ámbito pedagógico--
-- Cuarta parte--
-- Fin del instituto, muerte de Salomé y proceso de honra a su memoria histórica--
-- Quinta parte--
-- Proyecciones y prospectivas.
590 ## - NOTA LOCAL (RLIN)
Nota local Libro autografiado por el autor
590 ## - NOTA LOCAL (RLIN)
Nota local Inventariado, 2023/BT
600 10 - PUNTO DE ACCESO ADICIONAL DE MATERIA--NOMBRE DE PERSONA
Nombre de persona Ureña de Henríquez, Salomé ,
Fechas asociadas al nombre 1850-1897
9 (RLIN) 920
650 #4 - PUNTO DE ACCESO ADICIONAL DE MATERIA--TÉRMINO DE MATERIA
Término de materia o nombre geográfico como elemento de entrada Educación
Subdivisión geográfica República Dominicana
9 (RLIN) 737
650 #4 - PUNTO DE ACCESO ADICIONAL DE MATERIA--TÉRMINO DE MATERIA
Término de materia o nombre geográfico como elemento de entrada Educación
Subdivisión general Enseñanza
9 (RLIN) 692
700 1# - PUNTO DE ACCESO ADICIONAL--NOMBRE DE PERSONA
Nombre de persona Moquete II, Clodomiro,
9 (RLIN) 1680
Término indicativo de función/relación cuidado de edición
700 1# - PUNTO DE ACCESO ADICIONAL--NOMBRE DE PERSONA
Nombre de persona Guzmán Camacho, Ana Dolores de,
Término indicativo de función/relación prólogo
9 (RLIN) 37817
910 ## - DATOS DE OPCIÓN DEL USUARIO (OCLC)
Datos de opción del usuario Btavárez
942 ## - ELEMENTOS DE PUNTO DE ACCESO ADICIONAL (KOHA)
Fuente del sistema de clasificación o colocación Dewey Decimal Classification
Tipo de ítem Koha Libro
Holdings
Estado de retiro Estado de pérdida Restricciones de uso No para préstamo Código de colección Localización permanente Ubicación/localización actual Ubicación en estantería Fecha de adquisición Número de inventario Total de préstamos Signatura topográfica completa Código de barras Fecha visto por última vez Número de copia Precio válido a partir de Tipo de ítem Koha
      Préstamo en sala Dominicana de Servicio Biblioteca Nacional Pedro Henríquez Ureña Biblioteca Nacional Pedro Henríquez Ureña Depósito 23.07.2009 LF1   371.1 M826s 508-30 25.06.2020 e. 3 25.06.2020 Libros y folletos
      Préstamo en sala Dominicana de Servicio Biblioteca Nacional Pedro Henríquez Ureña Biblioteca Nacional Pedro Henríquez Ureña Depósito 06.03.2013 LF1   371.1 M826s 508-40 25.06.2020 e. 4 25.06.2020 Libros y folletos
    Préstamo restringido Excluido de préstamo Patrimonio Dominicano Biblioteca Nacional Pedro Henríquez Ureña Biblioteca Nacional Pedro Henríquez Ureña Depósito 23.07.2009 LF1   371.1 M826s 508-10 25.06.2020   25.06.2020 Libros y folletos
    Préstamo restringido Excluido de préstamo Patrimonio Dominicano Biblioteca Nacional Pedro Henríquez Ureña Biblioteca Nacional Pedro Henríquez Ureña Depósito 23.07.2009 LF1   371.1 M826s 508-20 25.06.2020 e. 2 25.06.2020 Libros y folletos

Powered by Koha